000 02397cam a22004574i 4500
003 PE-LiUPU
005 20250731173432.0
008 150706s2010 ck r 000 0 spa d
020 _a9789588217871
035 _a(Sirsi) i9789588217871
040 _aPE-LiUPU
_bspa
_cPE-LiUPU
_erda
049 _aPRUA
082 0 4 _a248.6
_bL54
_221
100 1 _aLewis, Pablo,
_eautor.
245 1 0 _aProsperidad con propósito :
_buna guía práctica para el manejo bíblico de las finanzas familiares /
_cPablo Lewis.
264 1 _aBogotá :
_bCentro de Literatura Cristiana,
_c2010.
300 _a156 páginas ;
_c21 centímetros
336 _atext
_2rdacontent
337 _aunmediated
_2rdamedia
338 _avolume
_2rdacarrier
505 0 _aTodo lo suficiente -- Principios bíblicos básicos en cuanto al dinero -- El dueño del dinero: la mayordomía -- Entra en el gozo de tu Señor: Beneficios de la mayordomía fiel -- El camino de la disciplina: tres principios para tener finanzas sanas -- El que nada debe, nada teme: las deudas -- Negociad entre tanto que vengo: las inversiones -- Queriendo edificar una torre: la planeación fiscal -- Cuentas cortas, amistades largas: la contabilidad familiar -- En casa del sabio: los ahorros -- Paga lo que debes: El diezmo -- El alma generosa: las ofrendas -- Atando cabos: el camino al saneamiento fiscal -- Por supuesto, un presupuesto: administrar el dinero al centavo -- sobres de dinero: una opción más sencilla -- Tapando fugas: algunas formas de disminuir el gasto -- El propósito de la prosperidad: ¿qué hago con la abundancia?
526 _aSEG42
526 _aSEG41
526 _aSEG40
526 _aSEG39
526 _aP94
526 _aP87
526 _aP86
526 _aP85
526 _aP77
526 _aP76
526 _aP35
541 _g001-0000632;
650 0 4 _aMayordomía cristiana.
_9930
910 _agl
_clch
_d20130812
942 _2ddc
_cBOOK
949 _a248.6 L54
_wDEWEY
_c1
_i67923
_lCCODEBUL1
_mBUL
_p12.00
_r0
_sY
_tBOOK
_u2015-7-6
_xTEOLOGIA
_PP35
_o.STAFF. Colección General
994 _aC0
_bPEPRU
596 _a1
999 _a248.6 L54
_wDEWEY
_c55433
_i67923
_d55433
_e2017-5-2
_f2021-11-10
_g5
_lCCODEBUL1
_mBUL
_n2
_p12.00
_r0
_sY
_tBOOK
_u2015-7-6
_xTEOLOGIA
_PP35
_0COMPRA
_o.STAFF. Colección Teología
980 _81
_gALBERTO SANCHEZ Responsable de Automatización